| 000 | 00570nam a2200205 a 4500 | ||
|---|---|---|---|
| 005 | 20140310183539.0 | ||
| 008 | 111019s19uu xx 00 eng d | ||
| 020 | _a9781849208031 | ||
| 050 |
_aRC 489.P72 _b.J343 2010 |
||
| 100 | _aJacobs, Michael | ||
| 245 |
_aPsychodynamic counselling in action / _cMichael Jacobs. |
||
| 250 | _a4th ed. | ||
| 260 |
_aLos Angeles : _bSage, _c2010. |
||
| 300 |
_a201 p. : _c23 cm. |
||
| 521 | _aPSYCH | ||
| 650 | _aPsychodynamic psychology | ||
| 650 | _aPsychoanalytic counselling | ||
| 942 |
_cBK _2lcc _kFOR |
||
| 999 |
_c24771 _d24771 |
||